| 000 | 00456nam a2200181Ia 4500 | ||
|---|---|---|---|
| 008 | 170918s9999 xx 000 0 und d | ||
| 020 | _a9780590199834 | ||
| 050 | _bD626 1998 | ||
| 100 | _ad'Lacey, Chris | ||
| 245 | 4 | _aThe table football league / | |
| 245 | _cby Chris d'Lacey ; illustrated by Philip Reeve. | ||
| 260 | _aLondon : | ||
| 260 | _bHippo, | ||
| 260 | _c1998 | ||
| 300 | _a144 pages : | ||
| 300 | _billustrations ; | ||
| 300 | _c14cm. | ||
| 999 |
_c344306 _d344306 |
||